000 00530nam a2200193Ia 4500
003 OSt
005 20191227110916.0
008 190216s9999||||xx |||||||||||||| ||und||
020 _a0706986342
040 _coclc
082 _a330.09
_bBHA/H
100 _aBhatia, H L
_9563
245 0 _aHistory Of Economic Thought /
_cH L Bhatia
250 _a4th ed.
260 _bVikas Publications,
_c1996.
_aNew Delhi:
300 _a506 p
650 _aEconomics
942 _cBK
_2ddc
_h330.09
_iBHA/H
_k330.09
_mBHA/H
999 _c10209
_d10209